[Event "DRUZYNOWE MISTRZOSTWA POLSKI JUNIOROW - II LIGA"]
[Site "Szczyrk, CKiR Orle Gniazdo ul. Wrzosowa 28a"]
[Date "2014-07-28"]
[Round "5.99"]
[White "Niemier, Hubert"]
[Black "Koloczek, Maciej"]
[Result "1-0"]
[WhiteTitle "II"]
[BlackTitle "II"]
[WhiteElo "1413"]
[BlackElo "1461"]

1. d4 Nf6 2. c4 g6 3. Nc3 Bg7 4. e4 d6 5. h3 O-O 6. Bd3 c5 7. d5 Na6 8. Nge2 Nc7
9. O-O a6 10. a4 Rb8 11. Be3 Bd7 12. Qc2 b5 13. axb5 axb5 14. cxb5 Nxb5 15. Rfb1
Qc7 16. Bxb5 Bxb5 17. Nxb5 Rxb5 18. Nc3 Rb4 19. Ra2 Rfb8 20. Rba1 Nd7 21. Ra7
Qd8 22. Bc1 Ne5 23. R1a4 Qc8 24. f4 Nc4 25. Rxb4 Bd4+ 26. Kh1 Rxb4 27. Na2 Qb8
28. Ra6 Ne3 29. Bxe3 Rxb2 30. Qa4 Rb1+ 31. Kh2 Qb2 32. Ra8+ Kg7 33. Bxd4+ cxd4
34. Qe8 Rh1+ 35. Kxh1 Qb1+ 36. Kh2 Qxe4 37. Qh8+ Kh6 38. Qf8+ Kh5 39. g4+ Kh4
40. Qh6# 1-0

[Event "DRUZYNOWE MISTRZOSTWA POLSKI JUNIOROW - II LIGA"]
[Site "Szczyrk, CKiR Orle Gniazdo ul. Wrzosowa 28a"]
[Date "2014-07-28"]
[Round "5.101"]
[White "Walkowiak, Bogumila"]
[Black "Kordela, Monika"]
[Result "0-1"]
[WhiteTitle "II"]
[BlackTitle "II"]
[WhiteElo "1240"]
[BlackElo "1342"]

1. e4 c5 2. Nf3 d6 3. d4 cxd4 4. Nxd4 Nf6 5. Nc3 g6 6. Be2 Bg7 7. O-O Nc6 8. Nb3
Bd7 9. Re1 Rc8 10. Bf1 Ne5 11. h3 Nc4 12. Bxc4 Rxc4 13. Qd3 Qc7 14. Bg5 e6 15.
Rad1 b5 16. a3 a5 17. Qxd6 b4 18. axb4 axb4 19. e5 Qxd6 20. Rxd6 bxc3 21. exf6
Bf8 22. Rd4 Rxd4 23. Nxd4 cxb2 24. Rb1 Ba3 25. Bd2 e5 26. Nf3 Be6 27. Re1 O-O
28. Bc3 Ba2 29. Bxb2 Bxb2 30. Re2 e4 31. Rxe4 Bxf6 32. Re1 Rc8 33. Re2 Bb1 34.
Ne1 Bc3 35. Nf3 Ba5 36. Nd4 Bb6 37. Nf3 Rxc2 38. Re8+ Kg7 39. Rb8 Bxf2+ 40. Kf1
Ba2 41. Ne5 Bg3 42. Rb5 Rc1+ 0-1

[Event "DRUZYNOWE MISTRZOSTWA POLSKI JUNIOROW - II LIGA"]
[Site "Szczyrk, CKiR Orle Gniazdo ul. Wrzosowa 28a"]
[Date "2014-07-28"]
[Round "5.102"]
[White "Adamczyk, Zuzanna"]
[Black "Ciesinska, Weronika"]
[Result "1/2-1/2"]
[WhiteTitle "I"]
[BlackTitle "II"]
[WhiteElo "1238"]
[BlackElo "1369"]

1. d4 Nf6 2. Nf3 g6 3. e3 Bg7 4. b3 O-O 5. Bd3 d6 6. Bb2 Nbd7 7. O-O c5 8. Nbd2
cxd4 9. exd4 Nb6 10. c4 Bg4 11. h3 Bxf3 12. Nxf3 Rc8 13. Rc1 Nbd7 14. Re1 Re8
15. Qd2 b6 16. b4 Qc7 17. Re2 e5 18. Qc2 Qb8 19. Qb1 Nh5 20. dxe5 Nxe5 21. Nxe5
Bxe5 22. Bxe5 Rxe5 23. Rxe5 dxe5 24. Qb2 Nf4 25. Qd2 Rd8 26. Rc3 e4 27. c5 Rxd3
28. Rxd3 Nxd3 29. c6 Qc7 30. b5 Nc5 31. Qd4 a6 32. a4 axb5 33. axb5 f5 34. Qc4+
Kg7 35. Qd4+ Kf7 36. Qh8 Ke6 37. Qg8+ Kd6 38. Qf8+ Kd5 39. Qf6 Kc4 40. Qb2 Nd3
41. Qb1 Nb4 42. Qf1+ Kc5 43. g3 Nxc6 44. bxc6 Qxc6 45. Qc1+ Kd6 46. Qf4+ Ke6 47.
Qh6 Qd7 48. Qe3 b5 49. Qb6+ Kd5 50. Qe3 Ke6 51. Qb6+ Kf7 52. Qe3 h5 53. Qb3+ Kf6
54. Qc3+ Ke6 55. Qe3 Qc6 56. Qh6 Kd5 57. Qd2+ Kc5 58. Qe3+ Kb4 59. Qd2+ Kb3 60.
Qd1+ Kb2 61. Qe2+ Kb1 62. Kh2 Qc4 63. Qd1+ Kb2 64. Qd2+ Qc2 65. Qb4+ Kc1 66. Qe1+
Kb2 1/2-1/2

[Event "DRUZYNOWE MISTRZOSTWA POLSKI JUNIOROW - II LIGA"]
[Site "Szczyrk, CKiR Orle Gniazdo ul. Wrzosowa 28a"]
[Date "2014-07-28"]
[Round "5.103"]
[White "Stasiowski, Karol"]
[Black "Cieslak, Patrycjusz"]
[Result "1-0"]
[WhiteTitle "II"]
[BlackTitle "I"]
[WhiteElo "1521"]
[BlackElo "1824"]

1. e4 e5 2. d4 exd4 3. Nf3 Nc6 4. Bc4 Bc5 5. c3 Nf6 6. cxd4 Bb4+ 7. Bd2 Nxe4 8.
Bxb4 Nxb4 9. Bxf7+ Kxf7 10. Qb3+ d5 11. Qxb4 Re8 12. O-O Kg8 13. Nc3 c6 14. Rfe1
Qe7 15. Qxe7 Rxe7 16. Nd2 Rf7 17. Ndxe4 dxe4 18. Rxe4 Bf5 19. Re5 Rd8 20. d5 c5
21. Rd1 a6 22. f3 b5 23. Ne4 c4 24. d6 Bg6 25. Nc5 Ra7 26. d7 Kf7 27. Rde1 Raxd7
28. Nxd7 Rxd7 29. Re6 a5 30. R6e5 Rb7 31. Kf2 a4 32. a3 b4 33. axb4 Rxb4 34. R1e2
Bd3 35. Rd2 Rb3 36. Ra5 Rb4 37. Ke3 Ke6 38. Kd4 Kd6 39. Ra7 g5 40. Rg7 h6 41.
Ra7 h5 42. Ra5 g4 43. Rxh5 gxf3 44. gxf3 Ke6 45. f4 Kf6 46. Ra5 1-0

[Event "DRUZYNOWE MISTRZOSTWA POLSKI JUNIOROW - II LIGA"]
[Site "Szczyrk, CKiR Orle Gniazdo ul. Wrzosowa 28a"]
[Date "2014-07-28"]
[Round "5.104"]
[White "Kucza, Jan"]
[Black "Komandera, Pawel"]
[Result "1-0"]
[WhiteTitle "II"]
[BlackTitle "II"]
[WhiteElo "1460"]
[BlackElo "1453"]

1. e4 b6 2. d4 Bb7 3. Nc3 e6 4. Bf4 d5 5. Bd3 Nf6 6. f3 Be7 7. Nge2 O-O 8. e5 Nfd7
9. Be3 c5 10. Bb5 a6 11. Bxd7 Nxd7 12. f4 f5 13. g4 g6 14. gxf5 Rxf5 15. Ng3 Bh4
16. Qg4 Bxg3+ 17. hxg3 Qe7 18. O-O-O Rc8 19. Qe2 Rf7 20. Rh6 Rg7 21. Rdh1 cxd4
22. Bxd4 Rc4 23. Bf2 b5 24. Nb1 Re4 25. Qf1 Rc4 26. Nd2 Rc8 27. Bd4 Nc5 28. Nf3
Ne4 29. Qg2 Qf7 30. Qh2 Rc7 31. Bb6 Rc6 32. Bd8 Qf8 33. Rxh7 Kf7 34. Bf6 Nxf6
35. exf6 Rxh7 36. Qxh7+ Kxf6 37. Ne5 Rxc2+ 38. Kxc2 Qc5+ 39. Kb1 Qe3 40. Ng4+
1-0

[Event "DRUZYNOWE MISTRZOSTWA POLSKI JUNIOROW - II LIGA"]
[Site "Szczyrk, CKiR Orle Gniazdo ul. Wrzosowa 28a"]
[Date "2014-07-28"]
[Round "5.105"]
[White "Ficek, Szymon"]
[Black "Klementowski, Dawid"]
[Result "0-1"]
[WhiteTitle "II"]
[BlackTitle "I"]
[WhiteElo "1144"]
[BlackElo "1659"]

1. b4 e5 2. Bb2 f6 3. a3 d5 4. e3 Bd6 5. d4 e4 6. Nd2 f5 7. c4 c6 8. Ne2 Nf6 9.
Ng3 O-O 10. Be2 Be6 11. O-O Nbd7 12. Bc1 Rc8 13. c5 Bb8 14. Nb3 Kh8 15. b5 Qc7
16. a4 g5 17. a5 cxb5 18. Bxb5 a6 19. Bxd7 Bxd7 20. f4 g4 21. Ba3 Qc6 22. Ne2
Rg8 23. g3 h5 24. Kf2 Kg7 25. Rh1 Rh8 26. Qc2 Qe6 27. Nd2 Rh7 28. Nf1 h4 29. Rb1
Bc6 30. gxh4 Rxh4 31. Neg3 Rch8 32. Ke1 Rh3 33. Rb2 Nh5 34. Nxh5+ R8xh5 35. Ng3
Rxg3 36. Qd2 Bxf4 37. hxg3 Rxh1+ 0-1

[Event "DRUZYNOWE MISTRZOSTWA POLSKI JUNIOROW - II LIGA"]
[Site "Szczyrk, CKiR Orle Gniazdo ul. Wrzosowa 28a"]
[Date "2014-07-28"]
[Round "5.109"]
[White "Kulas, Szymon"]
[Black "Rudecki, Bartosz"]
[Result "1-0"]
[WhiteTitle "I++"]
[BlackTitle "II+"]
[WhiteElo "2005"]
[BlackElo "1578"]

1. Nf3 Nf6 2. g3 g6 3. Bg2 Bg7 4. O-O O-O 5. c4 d6 6. Nc3 Nc6 7. d3 e5 8. Rb1 Be6
9. b4 Qd7 10. Ng5 Rae8 11. b5 Nd8 12. Nxe6 fxe6 13. Qa4 d5 14. cxd5 exd5 15. Qb3
c6 16. bxc6 bxc6 17. e4 Kh8 18. Ba3 Rf7 19. exd5 cxd5 20. Nxd5 Nc6 21. Nxf6 Rxf6
22. Qa4 Qe6 23. Rb7 Nd4 24. Qxa7 Rg8 25. Bc5 Ne2+ 26. Kh1 Qf5 27. Rb8 Rxb8 28.
Qxb8+ Bf8 29. Re1 e4 30. Bxf8 1-0

[Event "DRUZYNOWE MISTRZOSTWA POLSKI JUNIOROW - II LIGA"]
[Site "Szczyrk, CKiR Orle Gniazdo ul. Wrzosowa 28a"]
[Date "2014-07-28"]
[Round "5.110"]
[White "Gworys, Grzegorz"]
[Black "Nowak, Kamil"]
[Result "0-1"]
[WhiteTitle "II"]
[BlackTitle "I"]
[WhiteElo "1391"]
[BlackElo "1845"]

1. e4 c5 2. Nf3 d6 3. d4 cxd4 4. Nxd4 Nf6 5. Nc3 e6 6. Be2 a6 7. Be3 Be7 8. O-O
O-O 9. Qd2 Qc7 10. f3 b5 11. a3 Bb7 12. Rad1 Nbd7 13. Bf2 Rac8 14. Kh1 Rfd8 15.
Rfe1 Ne5 16. f4 Nc4 17. Bxc4 Qxc4 18. Qd3 d5 19. Qxc4 Rxc4 20. exd5 Nxd5 21. Nxd5
Rxd5 22. c3 g6 23. Kg1 Kg7 24. g4 h5 25. h3 Bd6 26. Be3 hxg4 27. hxg4 Rc8 28.
Kf2 Bc5 29. Nb3 Bxe3+ 30. Kxe3 Rxd1 31. Rxd1 Bd5 32. Nd2 Rh8 33. Rf1 Rh4 34. Rg1
Rh3+ 35. Kf2 Kf6 36. Rg3 Rh2+ 37. Ke3 g5 38. fxg5+ Kxg5 39. b3 Rh1 40. c4 Bc6
41. cxb5 axb5 42. b4 Rh4 43. Nf3+ Bxf3 44. Kxf3 f6 45. Rg2 Rh3+ 46. Rg3 Rxg3+
47. Kxg3 e5 48. a4 bxa4 49. b5 a3 50. b6 a2 51. b7 a1=Q 52. b8=Q Qe1+ 53. Kf3
e4+ 54. Kg2 Qe2+ 55. Kg1 Qxg4+ 56. Kh1 Kh4 57. Qh8+ Kg3 58. Qb8+ Kf3 59. Qb3+
e3 60. Qd1+ e2 61. Qb3+ Kf4 62. Qc4+ Kg3 63. Qc7+ Qf4 64. Qg7+ Kf3 65. Qg2+ Ke3
66. Qg1+ Kd2 67. Qf2 Qe3 68. Qg2 Qh6+ 69. Kg1 Qg5 0-1

[Event "DRUZYNOWE MISTRZOSTWA POLSKI JUNIOROW - II LIGA"]
[Site "Szczyrk, CKiR Orle Gniazdo ul. Wrzosowa 28a"]
[Date "2014-07-28"]
[Round "5.111"]
[White "Lipski, Lukasz"]
[Black "Gondro, Kacper"]
[Result "0-1"]
[WhiteTitle "II+"]
[BlackTitle "II"]
[WhiteElo "1595"]
[BlackElo "1514"]

1. e4 Nc6 2. d4 e5 3. d5 Nce7 4. Nf3 Ng6 5. Bg5 Be7 6. Bxe7 Qxe7 7. c4 d6 8. Nc3
Nf6 9. h3 a5 10. Bd3 O-O 11. Qd2 Rd8 12. O-O-O Nd7 13. Rdg1 Nc5 14. g4 Nf4 15.
Be2 Bd7 16. h4 Rdb8 17. h5 Qe8 18. g5 b5 19. Qe3 bxc4 20. Bxc4 Rb4 21. Nd2 Rab8
22. g6 fxg6 23. hxg6 h6 24. Ne2 Nxe2+ 25. Bxe2 Qf8 26. b3 a4 27. Bc4 axb3 28.
axb3 Bb5 29. Rg3 Bxc4 30. bxc4 R8b6 31. Rh2 Qa8 32. Kd1 Qa1+ 33. Ke2 Rb1 34. Nxb1
Rxb1 35. Qc3 Rb2+ 36. Kf3 Rb3 37. Qxb3 Nxb3 38. Kg4 Nd4 39. f3 Kf8 40. Rhg2 Qc1
41. Ra2 Qg5+ 42. Kh3 Qd8 43. Kg2 Ke7 44. Kh3 Qc8+ 45. Kg2 Qb8 46. Kh2 Kd7 47.
Kg2 Qb1 48. Rf2 Nb3 49. Kh3 Nc5 50. Rgg2 Nd3 51. f4 Nxf2+ 52. Rxf2 Qh1+ 53. Kg3
Qxe4 54. fxe5 Qxg6+ 0-1

[Event "DRUZYNOWE MISTRZOSTWA POLSKI JUNIOROW - II LIGA"]
[Site "Szczyrk, CKiR Orle Gniazdo ul. Wrzosowa 28a"]
[Date "2014-07-28"]
[Round "5.112"]
[White "Kucharski, Daniel"]
[Black "Dolharz, Jakub"]
[Result "0-1"]
[WhiteTitle "II"]
[BlackTitle "II"]
[WhiteElo "1364"]
[BlackElo "1164"]

1. e4 e5 2. Nf3 Nc6 3. Bc4 Bc5 4. c3 Nf6 5. d3 d6 6. Bg5 h6 7. Bh4 Bg4 8. Nbd2
O-O 9. O-O Bb6 10. a4 a5 11. h3 Bh5 12. Qb3 Qe7 13. Kh1 Kh8 14. Nh2 g5 15. Bg3
Rad8 16. h4 Rg8 17. hxg5 hxg5 18. Ndf3 Rg7 19. Qa3 Bxf3 20. Nxf3 Rh7+ 21. Kg1
Nh5 22. Bh2 g4 23. Nxe5 Nxe5 24. g3 Nf3+ 25. Kg2 Nf4+ 0-1

[Event "DRUZYNOWE MISTRZOSTWA POLSKI JUNIOROW - II LIGA"]
[Site "Szczyrk, CKiR Orle Gniazdo ul. Wrzosowa 28a"]
[Date "2014-07-28"]
[Round "5.113"]
[White "Dwilewicz, Agata"]
[Black "Mielczarek, Joanna"]
[Result "1-0"]
[WhiteTitle "I"]
[BlackTitle "I"]
[WhiteElo "1540"]
[BlackElo "1562"]

1. e4 e5 2. Nc3 Bc5 3. g3 Nf6 4. Bg2 Nc6 5. Nge2 d6 6. h3 Be6 7. O-O Qd7 8. Kh2
O-O-O 9. a3 h5 10. b4 Bb6 11. Nd5 Nxe4 12. Bxe4 Bxh3 13. Nxb6+ cxb6 14. Rh1 h4
15. Kg1 hxg3 16. fxg3 Qg4 17. d3 Nd4 18. Kf2 Nxe2 19. Qxe2 Qxe2+ 20. Kxe2 d5 21.
Rxh3 dxe4 22. Rxh8 exd3+ 23. cxd3 Rxh8 24. Be3 Rh2+ 25. Kf3 Kd7 26. d4 exd4 27.
Bxd4 f6 28. Re1 Rd2 29. Ke4 Ra2 30. Re3 Ke6 31. Rd3 Re2+ 32. Kf3 Ra2 33. Kf4 Ke7
34. Kf5 Kf7 35. Be3 g6+ 36. Kg4 Ke7 37. Bf4 b5 38. Rc3 a6 39. Kf3 Kd7 40. Ke3
g5 41. Bb8 f5 42. Kd4 Re2 43. Kc5 Kc8 44. Bd6 Kd7 45. Bb8 Re6 46. Rd3+ Kc8 47.
Bd6 Re4 48. Kb6 Re6 49. Kc5 Re4 50. Kd5 Re2 51. Be5 Kd7 52. Bf6 g4 53. Bg5 Kc7
54. Be3 Kd7 55. Ke5+ Ke7 56. Kxf5 Rc2 57. Kxg4 Rc4+ 58. Kf5 Rc6 59. Bc5+ Ke8 60.
g4 b6 61. Bd6 a5 62. g5 Kf7 63. g6+ Kg8 64. Be5 Rc8 65. Rh3 1-0

[Event "DRUZYNOWE MISTRZOSTWA POLSKI JUNIOROW - II LIGA"]
[Site "Szczyrk, CKiR Orle Gniazdo ul. Wrzosowa 28a"]
[Date "2014-07-28"]
[Round "5.115"]
[White "Kosior, Jan"]
[Black "Kalmuk, Krzysztof"]
[Result "0-1"]
[WhiteTitle "II"]
[BlackTitle "I"]
[WhiteElo "1424"]
[BlackElo "1934"]

1. c4 f5 2. d4 Nf6 3. Nc3 g6 4. Nf3 Bg7 5. g3 O-O 6. Bg2 d6 7. O-O Nbd7 8. Ng5
Nb8 9. e4 h6 10. Nh3 fxe4 11. Nxe4 Nxe4 12. Bxe4 Bxh3 13. Re1 Nc6 14. Bxg6 Nxd4
15. Qh5 Qd7 16. Bxh6 Bg4 17. Qd5+ e6 18. Qe4 Bf3 19. Bh7+ Kh8 20. Qh4 Bxh6 21.
Bg6 Kg7 22. Qxd4+ Kxg6 23. Qd3+ Kg7 24. Qc3+ e5 25. Rxe5 dxe5 26. Qxe5+ Kh7 27.
Qc3 Qh3 28. Qd3+ Kh8 29. Qc3+ Bg7 0-1

[Event "DRUZYNOWE MISTRZOSTWA POLSKI JUNIOROW - II LIGA"]
[Site "Szczyrk, CKiR Orle Gniazdo ul. Wrzosowa 28a"]
[Date "2014-07-28"]
[Round "5.116"]
[White "Sendobry, Adam"]
[Black "Wierzba, Maksymilian"]
[Result "1/2-1/2"]
[WhiteTitle "II"]
[BlackTitle "II"]
[WhiteElo "1417"]
[BlackElo "1463"]

1. e4 e6 2. d4 d5 3. Nc3 Bb4 4. e5 c5 5. a3 Bxc3+ 6. bxc3 Nc6 7. Qg4 g6 8. Ne2
Nge7 9. Bg5 Qa5 10. Bf6 Rg8 11. Kd1 Nf5 12. Qh3 h5 13. g4 hxg4 14. Qxg4 Qb6 15.
h4 Nfe7 16. Qg5 Qb2 17. Qc1 Qxc1+ 18. Rxc1 Nf5 19. Bh3 Nfe7 20. Kd2 Bd7 21. Rhg1
O-O-O 22. Bg4 Rdf8 23. h5 gxh5 24. Bxh5 Rxg1 25. Rxg1 Nf5 26. Bg4 Nfe7 27. Rh1
Rg8 28. f3 Rf8 29. Rh7 c4 30. Bh5 Be8 31. Ng3 b5 32. Nf1 Kd8 33. Ne3 Nb8 34. Ng4
Nd7 35. Bg7 Rg8 36. Nh6 Nf8 37. Bxf8 Rxf8 38. Bxf7 Bxf7 39. Rxf7 Rxf7 40. Nxf7+
Kd7 41. Nd6 a6 42. Kc1 Ng6 43. Nf7 Ke7 44. Ng5 Nf4 45. Nh7 Kf7 46. Nf6 Ke7 47.
Kd2 Kd8 48. Ng4 Kc7 49. Ne3 Kb6 50. Nd1 Ka5 51. Nb2 Kb6 52. Ke3 Ng2+ 53. Kf2 1/2-1/2

[Event "DRUZYNOWE MISTRZOSTWA POLSKI JUNIOROW - II LIGA"]
[Site "Szczyrk, CKiR Orle Gniazdo ul. Wrzosowa 28a"]
[Date "2014-07-28"]
[Round "5.117"]
[White "Sloniewski, Kacper"]
[Black "Koszewski, Daniel"]
[Result "1-0"]
[WhiteTitle "II"]
[BlackTitle "II"]
[WhiteElo "1093"]
[BlackElo "1511"]

1. c4 c5 2. Nc3 e5 3. g3 Nc6 4. Bg2 g6 5. b3 Bg7 6. Bb2 Nge7 7. Nf3 d6 8. O-O O-O
9. e3 h6 10. d4 cxd4 11. exd4 exd4 12. Nb5 d5 13. cxd5 Nxd5 14. Bxd4 Nxd4 15.
Nbxd4 Nb6 16. Rc1 Bg4 17. h3 Bxf3 18. Nxf3 Rc8 19. Qxd8 Rfxd8 20. Rxc8 Nxc8 21.
Rc1 Nb6 22. Rc7 Rd7 23. Rxd7 Nxd7 24. Nd2 b6 25. Nc4 Be5 26. Kf1 Bb8 27. Ke2 Kf8
28. Kd3 Ke7 29. Ke4 Ke6 30. h4 Nc5+ 31. Kd4 Na6 32. a4 Nc5 33. Bh3+ f5 34. Nd2
Be5+ 35. Kc4 Kd6 36. Bg2 g5 37. hxg5 hxg5 38. Ba8 Bf6 39. Kb5 Kc7 40. Kc4 Kd6
41. Kb5 Bd4 42. f3 Bf2 43. g4 f4 44. b4 Nd7 45. Ne4+ Kc7 46. Nxf2 Ne5 47. Nh3
Nf7 48. Bd5 Nd6+ 49. Ka6 Kb8 50. a5 b5 51. Bc6 Nc8 52. Kxb5 a6+ 53. Kxa6 Na7 54.
b5 Nxc6 55. bxc6 Ka8 56. Kb6 Kb8 57. c7+ Ka8 1-0

[Event "DRUZYNOWE MISTRZOSTWA POLSKI JUNIOROW - II LIGA"]
[Site "Szczyrk, CKiR Orle Gniazdo ul. Wrzosowa 28a"]
[Date "2014-07-28"]
[Round "5.119"]
[White "Dabrowska, Aleksandra"]
[Black "Sendobry, Anna"]
[Result "1-0"]
[WhiteTitle "II"]
[BlackTitle "II"]
[WhiteElo "1372"]
[BlackElo "1368"]

1. e4 e5 2. Nf3 Nc6 3. Bc4 Be7 4. Nc3 Nf6 5. d3 O-O 6. h3 d6 7. Be3 Na5 8. Bb3
c6 9. O-O Nxb3 10. axb3 b6 11. d4 Qc7 12. Qd2 a5 13. b4 Ba6 14. b5 Bxb5 15. Nxb5
cxb5 16. Qd3 b4 17. d5 Rfc8 18. Rfc1 Rab8 19. Nd2 Nd7 20. Qe2 Qd8 21. Qg4 g6 22.
g3 Rc7 23. Qe2 Rbc8 24. Nf1 Nc5 25. f3 Qd7 26. Qg2 Nb3 27. cxb3 Qb5 28. Rxc7 Rxc7
29. Rd1 Qa6 30. Qd2 Qc8 31. Qg2 Rc2 32. Rd2 Rxd2 33. Qxd2 Bd8 34. Kg2 f5 35. Qd1
Qd7 36. Qd3 Qc8 37. f4 Qd7 38. Nh2 Kg7 39. Nf3 fxe4 40. Qxe4 Qb5 41. Kf2 Qd7 42.
Ng5 Bxg5 43. fxg5 Qxh3 44. Bxb6 Qh5 45. Qh4 Qd1 46. Qc4 Qd2+ 47. Kf1 Qd1+ 48.
Kg2 Qd2+ 49. Kh3 Qxg5 50. Qc7+ Kh6 51. Qxd6 Qh5+ 52. Kg2 Qe2+ 53. Bf2 Qe4+ 54.
Kg1 Qb1+ 55. Kh2 Qf5 56. Be3+ Kh5 57. Qc7 Kg4 58. d6 Qh5+ 59. Kg1 Kxg3 60. Bf2+
Kf3 61. Qf7+ Ke2 62. Qc4+ Kf3 63. Qd3+ Kf4 64. Be3+ Kg3 65. Bh6+ Kh4 66. Qe4+
Kg3 67. Qg2+ 1-0

[Event "DRUZYNOWE MISTRZOSTWA POLSKI JUNIOROW - II LIGA"]
[Site "Szczyrk, CKiR Orle Gniazdo ul. Wrzosowa 28a"]
[Date "2014-07-28"]
[Round "5.120"]
[White "Kulpa, Zuzanna"]
[Black "Kaczmarska, Joanna"]
[Result "0-1"]
[WhiteTitle "I"]
[BlackTitle "I++"]
[WhiteElo "1435"]
[BlackElo "1717"]

1. e4 e5 2. Nf3 Nc6 3. d4 exd4 4. Nxd4 Nf6 5. Nc3 Bb4 6. Nxc6 bxc6 7. Bd3 h6 8.
Bd2 O-O 9. O-O Re8 10. Re1 d5 11. exd5 cxd5 12. Rxe8+ Qxe8 13. Qe1 Qxe1+ 14. Bxe1
Bb7 15. a3 Bd6 16. Nb5 Be5 17. Bc3 Bxc3 18. Nxc3 c5 19. Re1 Kf8 20. h3 Bc6 21.
Kf1 c4 22. Be2 Rb8 23. Rb1 d4 24. Na2 Ne4 25. Ke1 c3 26. Nb4 Ba4 27. b3 Nd2 28.
Rd1 Bd7 29. Rxd2 cxd2+ 30. Kxd2 a5 31. Na6 Rc8 32. a4 Rc3 33. Bd3 Bc8 34. b4 Rxd3+
35. Kxd3 Bxa6+ 36. b5 Bb7 37. g3 Ke7 38. Kxd4 Kd6 39. c4 Bg2 40. c5+ Kc7 41. h4
f6 42. Kc4 Bf3 43. Kb3 g5 44. Kc4 h5 45. Kd4 Bd1 46. hxg5 fxg5 47. Kd5 Bxa4 48.
b6+ Kd7 49. Ke5 Kc6 50. Kf5 Bb3 51. Kxg5 a4 52. f4 a3 53. f5 a2 54. f6 a1=Q 0-1

[Event "DRUZYNOWE MISTRZOSTWA POLSKI JUNIOROW - II LIGA"]
[Site "Szczyrk, CKiR Orle Gniazdo ul. Wrzosowa 28a"]
[Date "2014-07-28"]
[Round "5.121"]
[White "Tamon, Radoslaw"]
[Black "Krasinski, Mateusz"]
[Result "1-0"]
[WhiteTitle "I"]
[BlackTitle "II+"]
[WhiteElo "1721"]
[BlackElo "1657"]

1. e4 c6 2. d4 d5 3. exd5 cxd5 4. Bd3 Nf6 5. c3 Bg4 6. Nf3 Nbd7 7. O-O Qc7 8. Nbd2
e6 9. h3 Bh5 10. Qa4 Bd6 11. Re1 O-O 12. Qc2 Bg6 13. Bxg6 hxg6 14. Ng5 e5 15.
dxe5 Nxe5 16. Nb3 Rfe8 17. Bf4 Nf3+ 18. Nxf3 Bxf4 19. Nbd4 Re4 20. g3 Bh6 21.
Kg2 Rae8 22. Qb3 a6 23. Qb4 b5 24. a4 Rb8 25. axb5 Rxb5 26. Nxb5 Qb7 27. Nbd4
1-0

[Event "DRUZYNOWE MISTRZOSTWA POLSKI JUNIOROW - II LIGA"]
[Site "Szczyrk, CKiR Orle Gniazdo ul. Wrzosowa 28a"]
[Date "2014-07-28"]
[Round "5.122"]
[White "Pajdzik, Kamil"]
[Black "Blocinski, Maciej"]
[Result "0-1"]
[WhiteTitle "II"]
[BlackTitle "I"]
[WhiteElo "1525"]
[BlackElo "1717"]

1. e4 e5 2. Nf3 Nc6 3. d4 exd4 4. Nxd4 Bc5 5. Be3 Qf6 6. c3 Nge7 7. g3 Bb6 8. Bg2
O-O 9. O-O d6 10. Nc2 Qg6 11. Bxb6 axb6 12. Nd2 f5 13. f4 fxe4 14. Bxe4 Bf5 15.
Qe2 d5 16. Bxf5 Nxf5 17. Ne1 d4 18. cxd4 Ncxd4 19. Qf2 Rae8 20. Qg2 Ne3 21. Qxb7
Ne2+ 22. Kf2 Nxf1 23. Nxf1 Rxf4+ 24. Nf3 Nd4 25. Qd5+ Kh8 0-1

[Event "DRUZYNOWE MISTRZOSTWA POLSKI JUNIOROW - II LIGA"]
[Site "Szczyrk, CKiR Orle Gniazdo ul. Wrzosowa 28a"]
[Date "2014-07-28"]
[Round "5.123"]
[White "Wloch, Mikolaj"]
[Black "Brozyna, Mateusz"]
[Result "0-1"]
[WhiteTitle "II"]
[BlackTitle "II"]
[WhiteElo "1482"]
[BlackElo "1471"]

1. e4 c5 2. Nf3 d6 3. d4 cxd4 4. Nxd4 Nf6 5. Nc3 Bd7 6. f4 e6 7. Be2 a6 8. Be3
Nc6 9. O-O Be7 10. Qe1 O-O 11. Qg3 Nxd4 12. Bxd4 Qa5 13. Rad1 Rfc8 14. f5 e5 15.
Be3 Rxc3 16. bxc3 Nxe4 17. Qf3 Bc6 18. Qg4 Nxc3 19. f6 Nxe2+ 20. Kh1 Bf8 21. fxg7
Be7 22. Qxe2 Qxa2 23. Qh5 Qe6 24. Rf2 Qg6 25. Qxg6 hxg6 26. Rdf1 Bd5 27. Rb1 b5
28. Bb6 Bc4 29. Bc7 Rc8 30. Bb6 d5 31. Ra1 Bc5 32. Bxc5 Rxc5 33. Rxa6 Rc7 34.
h3 Kxg7 35. Rd6 e4 36. Rd2 e3 37. R2xd5 Bxd5 38. Rxd5 Rxc2 39. Rd1 e2 40. Re1
b4 41. Kg1 b3 42. Kf2 b2 43. Rb1 Rc1 0-1

[Event "DRUZYNOWE MISTRZOSTWA POLSKI JUNIOROW - II LIGA"]
[Site "Szczyrk, CKiR Orle Gniazdo ul. Wrzosowa 28a"]
[Date "2014-07-28"]
[Round "5.124"]
[White "Pietrzak, Tomasz"]
[Black "Bawej, Jakub"]
[Result "1-0"]
[WhiteTitle "II"]
[BlackTitle "III"]
[WhiteElo "1270"]
[BlackElo "1349"]

1. e4 e6 2. d3 d5 3. exd5 exd5 4. Nf3 Nc6 5. d4 Nf6 6. Nc3 Bg4 7. Bb5 Be7 8. Bxc6+
bxc6 9. O-O O-O 10. Qd3 Re8 11. Bf4 Ne4 12. Rfe1 Nxc3 13. Qxc3 Qd7 14. Bg3 Bxf3
15. Qxf3 Bd6 16. Qc3 Rab8 17. Bxd6 cxd6 18. b3 Qc7 19. Re3 Qd7 20. Rae1 h6 21.
h3 Kh8 22. R1e2 Kg8 23. Qe1 Red8 24. Re7 Qf5 25. Qa5 Qf4 26. Rxa7 Qxd4 27. Ree7
Rf8 28. Qc7 Rbc8 29. Qxd6 Rfd8 30. Qg3 Rf8 31. Qf3 Qf6 32. Qxf6 gxf6 33. a4 Rfd8
34. Rxf7 Rd6 35. Rg7+ Kf8 36. Rg6 h5 37. Rh7 Rcd8 38. Rh8+ Kf7 39. Rxd8 Rxd8 40.
Rg3 d4 41. Rd3 Ke7 42. c3 dxc3 43. Rxc3 Rc8 44. Kf1 Kd7 45. Ke2 c5 46. Rc4 Rc6
47. b4 cxb4 48. Rxb4 Ra6 49. Kf3 Kd6 50. Rf4 Ke5 51. Rh4 f5 52. Rxh5 Rxa4 53.
g4 Rf4+ 54. Kg3 Ke4 55. Rxf5 Rxf5 56. gxf5 Kxf5 57. f4 Kg6 58. Kg4 Kf6 59. h4
Kg6 60. h5+ Kf6 61. f5 Kf7 62. Kg5 Kg7 63. h6+ Kf7 64. f6 Kg8 65. Kg6 Kh8 66.
Kf7 Kh7 67. Ke7 Kxh6 68. f7 Kg7 69. f8=Q+ Kg6 70. Qf4 Kg7 71. Qg5+ Kh8 72. Kf7
Kh7 73. Qg7# 1-0

[Event "DRUZYNOWE MISTRZOSTWA POLSKI JUNIOROW - II LIGA"]
[Site "Szczyrk, CKiR Orle Gniazdo ul. Wrzosowa 28a"]
[Date "2014-07-28"]
[Round "5.125"]
[White "Wloch, Dominika"]
[Black "Jarocka, Liwia"]
[Result "0-1"]
[WhiteTitle "II"]
[BlackTitle "I"]
[WhiteElo "1235"]
[BlackElo "1325"]

1. e4 e5 2. Nf3 Nc6 3. d4 exd4 4. Nxd4 Nf6 5. Nxc6 bxc6 6. e5 Nd5 7. c4 Nb6 8.
Nc3 Be7 9. Be2 O-O 10. a3 d5 11. cxd5 Nxd5 12. Nxd5 cxd5 13. Bf3 c6 14. O-O Qc7
15. Bf4 Bf5 16. Rc1 Qb7 17. b4 a5 18. Bg4 Qd7 19. h3 axb4 20. axb4 Bxb4 21. Qf3
Bxg4 22. hxg4 f5 23. gxf5 Qxf5 24. Rxc6 Qxf4 25. Qxd5+ Kh8 26. Rc4 Qd2 27. Rd4
Qc3 28. Rc4 Qa3 29. Rb1 Be7 30. Rc7 Bh4 31. g3 Bxg3 32. fxg3 Qxg3+ 33. Qg2 Qxe5
34. Qh2 Qe3+ 35. Kh1 Qe4+ 36. Qg2 Qxb1+ 37. Kh2 Ra2 38. Qxa2 Qxa2+ 39. Kg3 Qf2+
40. Kg4 Qf4+ 41. Kh5 g6# 0-1

[Event "DRUZYNOWE MISTRZOSTWA POLSKI JUNIOROW - II LIGA"]
[Site "Szczyrk, CKiR Orle Gniazdo ul. Wrzosowa 28a"]
[Date "2014-07-28"]
[Round "5.127"]
[White "Kokoszczynski, Jan"]
[Black "Hladun, Bartlomiej"]
[Result "1-0"]
[WhiteTitle "I"]
[BlackTitle "II"]
[WhiteElo "1753"]
[BlackElo "1295"]

1. d4 Nf6 2. c4 g6 3. Nc3 Bg7 4. e4 d6 5. f4 O-O 6. Nf3 c5 7. dxc5 dxc5 8. Bd3
Nc6 9. e5 Nd7 10. O-O Nb6 11. Be3 Nd4 12. Bxd4 cxd4 13. Nb5 Bg4 14. Nbxd4 Rc8
15. Rc1 Qd7 16. Be2 f6 17. h3 Be6 18. c5 Nd5 19. Bb5 Qd8 20. Nxe6 Qa5 21. Qxd5
Qxb5 22. Ned4+ 1-0

[Event "DRUZYNOWE MISTRZOSTWA POLSKI JUNIOROW - II LIGA"]
[Site "Szczyrk, CKiR Orle Gniazdo ul. Wrzosowa 28a"]
[Date "2014-07-28"]
[Round "5.129"]
[White "Rylski, Mateusz"]
[Black "Mackowiak, Filip"]
[Result "1-0"]
[WhiteTitle "II"]
[BlackTitle "II"]
[WhiteElo "1347"]
[BlackElo "1300"]

1. e4 e6 2. d4 d5 3. Nc3 Bb4 4. e5 c5 5. Nf3 Nc6 6. Bb5 Nge7 7. O-O O-O 8. Bf4
Qb6 9. Bxc6 Nxc6 10. Be3 Rd8 11. Qd2 Qc7 12. a3 Ba5 13. Bf4 b6 14. Rad1 Bxc3 15.
Qxc3 cxd4 16. Nxd4 Bb7 17. Nb5 Qd7 18. Nd6 Ba6 19. Rfe1 Na5 20. b4 Nb7 21. Qb3
Nxd6 22. exd6 Rac8 23. b5 Qxb5 24. a4 Qc4 25. Bg3 Qxc2 26. Qxc2 Rxc2 27. Rc1 Rxc1
28. Rxc1 b5 29. Rc6 Bb7 30. axb5 f6 31. Rc7 Rb8 32. d7 e5 33. Rxb7 Ra8 34. Rc7
Rd8 35. Rc8 Kf7 36. Rxd8 Ke7 37. Ra8 Kxd7 38. Rxa7+ Kc8 39. Rxg7 d4 40. Kf1 e4
41. Ke2 h5 42. b6 f5 43. b7+ Kd8 44. b8=Q# 1-0